000
00328nam a22001337a 4500
008
181218b xxu||||| |||| 00| 0 eng d
020
_a
9780534159542
041
_a
eng
080
_2
2nd
_a
159.9
100
_a
48
101
_a
PSI
245
_a
Women's Lives themes and variations in gender learning
_c
Lott,B
942
_2
udc
_c
BK
999
_c
53473
_d
53473